000
00340nam a2200145Ia 4500
008
230718s9999 xx 000 0 und d
041
_a
Eng.
082
_a
346.42
_b
KHA-I
100
_a
Khan,Dr.M Rashid
245
0
_a
Islamic jusisprudence
260
_a
Pakistan
_b
Manzoor book house
_c
1998
300
_a
347
650
_a
Law
999
_c
30251
_d
30251